000
00259nam a22000977a 4500
008
140207t xxu||||| |||| 00| 0 eng d
100
_a
Harold M. Hodges, Jr.
_9
661
245
_a
Conflict and consensus an introduction to sociology
300
_a
558
942
_2
ddc
_c
BK
999
_c
16920
_d
16920